| 000 | 00418cam a2200169ua 4500 | ||
|---|---|---|---|
| 020 | _c495.00 | ||
| 041 |
_aeng _h |
||
| 082 |
_a547 _bMCM/IN |
||
| 100 | _aMcMurry, John . | ||
| 245 |
_aIntroduction to organic chemistry / _cJohn McMurry. _hTextual Documents |
||
| 260 |
_aNew Delhi : _bBrooks/Cole , _c2007. |
||
| 300 | _a906 ; . | ||
| 365 | _a495.00 | ||
| 504 | _a | ||
| 942 | _cBK | ||
| 999 |
_c13416 _d13416 |
||